000 00560 a2200181 4500
001 129818
022 _a1679-656X
040 _cLeonardo Da Vinci
041 _aInglês
082 _aRCN 2010
_b2010
245 _aReferencial Curricular Nacional para a Escola Indígena
260 _bMinistério da Educação e do Desporto
300 _a51
362 _a20100116
490 _aReferencial Curricular Nacional para a Escola Indígena
697 _aApresentação
_aIntrodução
_aHistórico
_aLegislação
_aFundamentos pedagógicos
_aGhemat
942 _cCR
999 _c129818
_d129818